[Event "?"]
[Site "ICS rated blitz match, 192.23"]
[Date "1997.??.??"]
[Round "?"]
[White "Brause"]
[Black "oldtimer"]
[Result "0-1"]
[WhiteElo "2425"]
[BlackElo "2460"]
[PlyCount "158"]

1. e4 e5 2. Nf3 Nc6 3. Nc3 Nf6 4. Nxe5 Nxe5 5. d4 Ng6 6. e5 Ng8 7. Bc4 d5 8.
Bxd5 c6 9. Be4 f5 10. Bf3 Bb4 11. O-O Be6 12. a3 Bxc3 13. bxc3 N8e7 14. Bg5 h6
15. Be3 O-O 16. Qd3 b5 17. Rfe1 Bc4 18. Qd1 Nd5 19. Bd2 Nge7 20. a4 a6 21. Ra3
Nb6 22. axb5 axb5 23. Rxa8 Qxa8 24. Qb1 Qa4 25. Qb2 Ra8 26. h3 Nbd5 27. Rb1 Qa3
28. g4 Qxb2 29. Rxb2 Ra1+ 30. Kg2 f4 31. g5 hxg5 32. Bg4 Nb6 33. Rb4 Ned5 34.
Be6+ Kf8 35. Bf5 Rd1 36. Bxf4 gxf4 37. Bg4 Re1 38. Rxc4 Nxc4 39. Bd7 Ne7 40.
Kf3 g5 41. Kg4 Rg1+ 42. Kh5 Nb6 43. Bg4 Nbd5 44. Kxg5 Rg2 45. c4 bxc4 46. f3
Rxc2 47. h4 Rh2 48. h5 c3 49. Bd7 c2 50. Bg4 c1=Q 51. Kh6 Qh1 52. Kg5 Kg7 53.
e6 Rh4 54. h6+ Rxh6 55. Bh3 Rxh3 56. Kg4 Qxf3+ 57. Kg5 Qg4+ 58. Kxg4 Rg3+ 59.
Kh4 Ng8 60. Kh5 Kf6 61. e7 Rg5+ 62. Kh4 Ngxe7 63. Kh3 Ng6 64. Kh2 Rg3 65. Kh1
Kg5 66. Kh2 Kg4 67. Kh1 Nh4 68. Kh2 Rf3 69. Kh1 Kg3 70. Kg1 Nc3 71. d5 cxd5 72.
Kh1 Ng2 73. Kg1 Rf2 74. Kh1 f3 75. Kg1 Rd2 76. Kf1 Kh3 77. Kg1 Ne4 78. Kf1 Ng3+
79. Kg1 f2# 0-1

[Event "?"]
[Site "ICS rated blitz match, 192.23"]
[Date "1997.??.??"]
[Round "?"]
[White "Brause"]
[Black "oldtimer"]
[Result "0-1"]
[WhiteElo "2410"]
[BlackElo "2475"]
[PlyCount "164"]

1. e4 e5 2. Nf3 Nc6 3. Nc3 Nf6 4. Nxe5 Nxe5 5. d4 Ng6 6. e5 Ng8 7. Bc4 d5 8.
Bxd5 c6 9. Be4 f5 10. Bf3 Bb4 11. O-O Be6 12. a3 Bxc3 13. bxc3 N8e7 14. Bg5 h6
15. Be3 O-O 16. Qd3 b5 17. Rfe1 Bc4 18. Qd1 Nd5 19. Bd2 Nge7 20. a4 a6 21. h3
Nb6 22. axb5 axb5 23. Rxa8 Qxa8 24. Qc1 Kh7 25. Qa1 Qxa1 26. Rxa1 Ra8 27. Rxa8
Nxa8 28. h4 Nb6 29. h5 Be6 30. Kf1 Nc4 31. Ke2 Bd5 32. Bxd5 Nxd5 33. g3 Kg8 34.
Ke1 Kf7 35. Ke2 Nxd2 36. Kxd2 Nb6 37. Ke2 Ke6 38. Kd3 Nc4 39. f3 Kd5 40. Ke2 c5
41. Kd3 cxd4 42. cxd4 b4 43. g4 f4 44. Ke2 Kxd4 45. e6 Nd6 46. e7 Kc3 47. Kd1
Ne8 48. Kc1 b3 49. cxb3 Kxb3 50. Kd2 Kc4 51. Ke2 Kd4 52. Kd2 Nf6 53. Ke2 Kc3
54. Kf2 Kd2 55. Kf1 Ke3 56. g5 hxg5 57. Kg2 Ke2 58. h6 gxh6 59. Kh2 Kxf3 60.
Kh3 h5 61. Kh2 g4 62. Kg1 Ke2 63. Kg2 h4 64. Kg1 h3 65. Kh2 Ke3 66. Kg1 g3 67.
Kf1 Kd2 68. Kg1 Ke2 69. Kh1 Ke3 70. e8=Q+ Nxe8 71. Kg1 Nf6 72. Kf1 Kd2 73. Kg1
Nd5 74. Kh1 Ke2 75. Kg1 Nf6 76. Kh1 Ng4 77. Kg1 Ne3 78. Kh1 Ng4 79. Kg1 f3 80.
Kh1 Ke1 81. Kg1 h2+ 82. Kh1 g2# 0-1

[Event "?"]
[Site "ICS rated blitz match, 192.23"]
[Date "1997.??.??"]
[Round "?"]
[White "Brause"]
[Black "K6-Krafty"]
[Result "0-1"]
[WhiteElo "2425"]
[BlackElo "2690"]
[PlyCount "102"]

1. e4 e5 2. Nf3 Nc6 3. Nc3 Nf6 4. Nxe5 Nxe5 5. d4 Ng6 6. e5 Ng8 7. Bc4 Bb4 8.
Qf3 Qe7 9. O-O Bxc3 10. bxc3 Nh6 11. g3 O-O 12. Bxh6 gxh6 13. h4 d5 14. Bxd5 c6
15. Be4 f6 16. Qd3 fxe5 17. Bxg6 hxg6 18. Qxg6+ Qg7 19. Qxg7+ Kxg7 20. dxe5 Rf3
21. Rab1 Rxc3 22. Rfc1 b5 23. Rb3 Rc5 24. f4 Bf5 25. c3 Kf7 26. Ra3 Ke6 27. Rd1
Rd5 28. Rxd5 Kxd5 29. Ra5 h5 30. Kf2 Kc4 31. Ra6 c5 32. Ra3 Rd8 33. Rxa7 Rd2+
34. Ke1 Kxc3 35. Ra3+ Kc2 36. Re3 Be6 37. f5 Bxf5 38. e6 Bg6 39. Re5 c4 40.
Rxb5 c3 41. Rg5 Kb2 42. Rb5+ Kxa2 43. Rc5 Kb3 44. g4 hxg4 45. Rc7 g3 46. Kf1
Bd3+ 47. Kg1 Be4 48. Rf7 c2 49. Rf1 Rg2+ 50. Kh1 Rh2+ 51. Kg1 Rh1# 0-1

[Event "?"]
[Site "ICS rated blitz match, 192.23"]
[Date "1997.??.??"]
[Round "?"]
[White "Brause"]
[Black "Bliv"]
[Result "1-0"]
[WhiteElo "2485"]
[BlackElo "1980"]
[PlyCount "69"]

1. e4 e5 2. Nf3 Nf6 3. Nc3 Nc6 4. Nxe5 Nxe5 5. d4 Nc6 6. d5 Ne7 7. e5 Nfg8 8.
d6 Nc6 9. Nb5 cxd6 10. exd6 Qa5+ 11. Bd2 Qa4 12. Nc7+ Kd8 13. Nxa8 Bxd6 14. c4
Qxd1+ 15. Rxd1 Bb8 16. b4 b6 17. Bc3 f6 18. b5 Nce7 19. Be2 Bb7 20. Bf3 Kc8 21.
Nxb6+ axb6 22. Bxb7+ Kxb7 23. Rxd7+ Kc8 24. Rd1 Nh6 25. Bd4 Nef5 26. Bxb6 Re8+
27. Kf1 Ng4 28. c5 Bf4 29. h3 Ne5 30. Re1 Re7 31. c6 Bd2 32. Re2 Bb4 33. a4 Nd3
34. Rxe7 Nxe7 35. Ke2 1-0

[Event "?"]
[Site "ICS rated blitz match, 192.23"]
[Date "1997.??.??"]
[Round "?"]
[White "Brause"]
[Black "Kiriakos"]
[Result "1-0"]
[WhiteElo "2515"]
[BlackElo "2120"]
[PlyCount "93"]

1. e4 e5 2. Nf3 Nc6 3. Nc3 Nf6 4. Nxe5 Nxe5 5. d4 Ng6 6. e5 Be7 7. Bc4 O-O 8.
exf6 Bxf6 9. Be3 c6 10. O-O d5 11. Bd3 Be6 12. b3 Qd7 13. Re1 Rfe8 14. Bxg6
hxg6 15. Qd2 Bf5 16. f3 Be7 17. Re2 f6 18. Rae1 g5 19. h3 Bb4 20. Rf1 Re7 21.
f4 gxf4 22. Rxf4 Bh7 23. Rf3 Rae8 24. Kf1 Qd8 25. a3 Bxa3 26. Bf4 Bb4 27. Rxe7
Rxe7 28. Kg1 Qa5 29. Kh2 Bg6 30. Rg3 Kf7 31. Bb8 a6 32. Bf4 Qd8 33. Kg1 Bd6 34.
Rf3 Qc7 35. Bxd6 Qxd6 36. Ne2 Qe6 37. Kf1 Qe4 38. Rc3 Qf5+ 39. Nf4 Re4 40. Rf3
Bh7 41. Nd3 Qe6 42. Nc5 Qe7 43. Nxe4 dxe4 44. Re3 f5 45. g3 g6 46. Kf2 Kg7 47.
d5 1-0

[Event "?"]
[Site "ICS rated blitz match, 192.23"]
[Date "1997.??.??"]
[Round "?"]
[White "Brause"]
[Black "DameNoir"]
[Result "1-0"]
[WhiteElo "2515"]
[BlackElo "1995"]
[PlyCount "83"]

1. e4 e5 2. Nf3 Nc6 3. Nc3 Nf6 4. Nxe5 Nxe5 5. d4 Ng6 6. e5 Ng8 7. Bc4 Bb4 8.
Qf3 Bxc3+ 9. bxc3 Qe7 10. O-O Rb8 11. Re1 b6 12. Qg3 h6 13. h4 d5 14. Bxd5 Qxh4
15. e6 Bxe6 16. Rxe6+ fxe6 17. Qxg6+ Kd8 18. Qxg7 Qf6 19. Qxf6+ Nxf6 20. Bxe6
Ne4 21. d5 a5 22. Bf4 Rf8 23. Bxh6 Rf6 24. Re1 Rxh6 25. Rxe4 Ke7 26. g4 Rbh8
27. g5 Rh4 28. Bf5+ Rxe4 29. Bxe4 b5 30. Kg2 Rh4 31. f3 Rh8 32. f4 Kd6 33. g6
Ke7 34. Kf2 Rh3 35. Bf3 Kf6 36. Kg2 Rh8 37. Be4 Ke7 38. Kg3 Kf6 39. a3 Re8 40.
Kf3 Rh8 41. Ke3 Rh4 42. Bd3 1-0

[Event "?"]
[Site "ICS rated blitz match, 192.23"]
[Date "1997.??.??"]
[Round "?"]
[White "Brause"]
[Black "Kiriakos"]
[Result "1-0"]
[WhiteElo "2525"]
[BlackElo "2110"]
[PlyCount "65"]

1. e4 e5 2. Nf3 Nc6 3. Nc3 Nf6 4. Nxe5 Nxe5 5. d4 Ng6 6. e5 Be7 7. Bc4 O-O 8.
exf6 Bxf6 9. Be3 c6 10. O-O d5 11. Bd3 Be6 12. b3 Qd7 13. Re1 Rfe8 14. Qd2 Bf5
15. Na4 b6 16. Rad1 Re7 17. Re2 Rae8 18. Rde1 Nh4 19. Bxf5 Nxf5 20. c3 g6 21.
Bf4 Rxe2 22. Rxe2 Rxe2 23. Qxe2 Kg7 24. Nb2 c5 25. dxc5 bxc5 26. Qd2 d4 27. Nd1
Qe6 28. h3 Qe4 29. Kh1 Qb1 30. Kh2 Qe4 31. f3 Qe6 32. g4 Nh4 33. Kg3 1-0

[Event "?"]
[Site "ICS rated blitz match, 192.23"]
[Date "1997.??.??"]
[Round "?"]
[White "Brause"]
[Black "Kiriakos"]
[Result "1-0"]
[WhiteElo "2530"]
[BlackElo "2100"]
[PlyCount "51"]

1. e4 e5 2. Nf3 Nc6 3. Nc3 Nf6 4. Nxe5 Nxe5 5. d4 Ng6 6. e5 Be7 7. Bc4 O-O 8.
exf6 Bxf6 9. O-O c6 10. d5 b5 11. Bd3 a6 12. Be3 Bxc3 13. bxc3 cxd5 14. Bxg6
hxg6 15. Qxd5 Rb8 16. c4 Bb7 17. Qd4 Qf6 18. cxb5 axb5 19. Qxd7 Rfd8 20. Qg4
Qf5 21. Qxf5 gxf5 22. a4 Be4 23. axb5 Rxb5 24. c4 Rb2 25. c5 Rc8 26. f3 1-0

[Event "?"]
[Site "ICS rated blitz match, 192.23"]
[Date "1997.??.??"]
[Round "?"]
[White "Brause"]
[Black "Kiriakos"]
[Result "1-0"]
[WhiteElo "2535"]
[BlackElo "2100"]
[PlyCount "263"]

1. e4 e5 2. Nf3 Nc6 3. Nc3 Nf6 4. Nxe5 Nxe5 5. d4 Ng6 6. e5 Be7 7. Bc4 O-O 8.
exf6 Bxf6 9. O-O c6 10. d5 b5 11. Be2 a6 12. Ne4 Re8 13. Nd6 Rf8 14. Bg4 c5 15.
Re1 Be5 16. Nxc8 Rxc8 17. c3 Qh4 18. g3 Qd8 19. Bf5 Bf6 20. Qh5 Ra8 21. Be3 d6
22. Bxg6 hxg6 23. Qf3 Qd7 24. Re2 Rfe8 25. Rd1 Rac8 26. Kh1 Ra8 27. Kg2 Rac8
28. Rde1 Ra8 29. h3 Rac8 30. Bf4 Rxe2 31. Rxe2 Be7 32. c4 Bf8 33. cxb5 axb5 34.
Qe4 Ra8 35. a3 Rc8 36. Bd2 Rb8 37. Bc3 Ra8 38. Kh2 Rb8 39. Ba5 Ra8 40. Bd2 Rb8
41. Bc3 Ra8 42. h4 Rb8 43. Kg1 Ra8 44. Re3 Rb8 45. Re1 Ra8 46. Re2 Rb8 47. Re3
Ra8 48. Kg2 Rb8 49. f3 Ra8 50. Kh2 Rb8 51. Kg1 Ra8 52. Kg2 Rb8 53. Kh2 Ra8 54.
Re2 Rb8 55. Kg1 Ra8 56. Kg2 Rb8 57. Kh2 Ra8 58. Re1 Rb8 59. Bd2 Ra8 60. Bf4 Rb8
61. Qd3 Ra8 62. Qe3 Rb8 63. Kg1 Ra8 64. Re2 Rb8 65. Qb3 Ra8 66. Qd3 Rb8 67. Re3
Ra8 68. Re4 Rb8 69. Qe3 Ra8 70. g4 Rb8 71. Bg5 Ra8 72. Qd3 Rb8 73. Qc3 Ra8 74.
Qb3 Rb8 75. Qd3 Ra8 76. Qe2 Rb8 77. Qc2 Ra8 78. Qd2 Rb8 79. Qe2 Ra8 80. Kh1 Rb8
81. Qd3 Ra8 82. Qc3 Rb8 83. Kh2 Ra8 84. Kg2 Rb8 85. Qd3 Ra8 86. Qb3 Rb8 87. Kg1
Ra8 88. Qe3 Rb8 89. Kh1 Ra8 90. Bf4 Rb8 91. Kg2 Ra8 92. Kh2 Rb8 93. Kh1 Ra8 94.
Kg2 Rb8 95. Kg1 Ra8 96. Bg3 Rb8 97. Qg5 Ra8 98. Bf4 Rb8 99. Be3 Ra8 100. Kf1
Rb8 101. Bf4 Ra8 102. Kg2 Rb8 103. Kg1 Ra8 104. Bd2 Rb8 105. Bc3 Ra8 106. Re3
Rb8 107. Re2 Ra8 108. Re1 Rb8 109. Re3 Ra8 110. Re2 Rb8 111. Bd2 Ra8 112. Re1
Rb8 113. Re3 Ra8 114. Re2 Rb8 115. Re1 Ra8 116. Bf4 Rb8 117. Kg2 Ra8 118. Kh1
Rb8 119. Re4 Ra8 120. h5 gxh5 121. Qxh5 Re8 122. Rxe8 Qxe8 123. Qh2 Qe1+ 124.
Kg2 Qd1 125. Kg3 Qxd5 126. Qe2 Qe6 127. Qxb5 f6 128. Kf2 g6 129. a4 Qd5 130. a5
Qd4+ 131. Be3 Qd3 132. Qxd3 1-0

[Event "?"]
[Site "ICS rated blitz match, 192.23"]
[Date "1997.??.??"]
[Round "?"]
[White "Brause"]
[Black "Kiriakos"]
[Result "1-0"]
[WhiteElo "2540"]
[BlackElo "2095"]
[PlyCount "71"]

1. e4 e5 2. Nf3 Nc6 3. Nc3 Nf6 4. Nxe5 Nxe5 5. d4 Ng6 6. e5 Be7 7. Bc4 O-O 8.
exf6 Bxf6 9. Be3 c6 10. O-O d5 11. Bd3 Be6 12. b3 b6 13. Qf3 c5 14. Bxg6 hxg6
15. Rad1 Qd7 16. Qe2 Rfe8 17. Qd2 Rad8 18. Rfe1 Bf5 19. Ne2 Qc8 20. Rc1 c4 21.
Nc3 a6 22. Bf4 Rxe1+ 23. Rxe1 b5 24. a3 Qc6 25. h3 a5 26. g4 Be6 27. bxc4 dxc4
28. Be5 b4 29. Nb1 c3 30. Qe3 Bxe5 31. Qxe5 Qf3 32. Qe3 Qd5 33. Rd1 Qa2 34. Qd3
Bc4 35. Qe4 Bd5 36. Qe7 1-0

[Event "?"]
[Site "ICS rated blitz match, 192.23"]
[Date "1997.??.??"]
[Round "?"]
[White "Brause"]
[Black "Kiriakos"]
[Result "1-0"]
[WhiteElo "2550"]
[BlackElo "2090"]
[PlyCount "74"]

1. e4 e5 2. Nf3 Nc6 3. Nc3 Nf6 4. Nxe5 Nxe5 5. d4 Ng6 6. e5 Be7 7. Bc4 O-O 8.
exf6 Bxf6 9. Be3 c6 10. O-O d5 11. Bd3 Be6 12. Qd2 c5 13. Bxg6 hxg6 14. Rae1 a6
15. Re2 b5 16. Rfe1 Qd7 17. Nd1 c4 18. Bg5 Bxg5 19. Qxg5 b4 20. c3 a5 21. Qe5
Rab8 22. Ne3 Rb6 23. Rc1 Rfb8 24. cxb4 Rxb4 25. Rcc2 a4 26. Rcd2 R8b6 27. f3
Qb7 28. Nd1 Qa8 29. Re3 Qb7 30. Rde2 Qa8 31. Qc7 Qb8 32. Qc5 R6b5 33. Qe7 Rb7
34. Qh4 R7b6 35. Qg5 Rb7 36. Rxe6 fxe6 37. Rxe6 Qf8 1-0

[Event "?"]
[Site "ICS rated blitz match, 192.23"]
[Date "1997.??.??"]
[Round "?"]
[White "Brause"]
[Black "bishop1"]
[Result "1-0"]
[WhiteElo "2530"]
[BlackElo "1990"]
[PlyCount "51"]

1. e4 e5 2. Nf3 Nc6 3. Nc3 Nf6 4. Nxe5 Nxe5 5. d4 Nc6 6. d5 Ne7 7. e5 Nfxd5 8.
Nxd5 Nxd5 9. Qxd5 Bb4+ 10. c3 Ba5 11. Qxa5 Qe7 12. Qxc7 O-O 13. Be3 Re8 14. Bc4
h6 15. O-O-O Qxe5 16. Qxe5 Rxe5 17. Rhe1 d6 18. Rxd6 Bf5 19. Red1 Rae8 20. Bxa7
Ra5 21. Rd8 Rae5 22. R1d5 Re1+ 23. Kd2 R1e7 24. Bc5 Rxd8 25. Rxd8+ Kh7 26. Bxe7
1-0

[Event "?"]
[Site "ICS rated blitz match, 192.23"]
[Date "1997.??.??"]
[Round "?"]
[White "Brause"]
[Black "Coolhand"]
[Result "1-0"]
[WhiteElo "2530"]
[BlackElo "1970"]
[PlyCount "59"]

1. e4 e5 2. Nf3 Nf6 3. Nc3 Nc6 4. Nxe5 Nxe5 5. d4 Ng6 6. e5 Ng8 7. Bc4 d5 8.
Bxd5 c6 9. Be4 Bb4 10. O-O N8e7 11. Ne2 O-O 12. c3 Ba5 13. Bg5 f6 14. Qb3+ Nd5
15. c4 fxg5 16. cxd5 cxd5 17. Bxd5+ Kh8 18. Rac1 Bb6 19. Rfd1 Nf4 20. Nxf4 Rxf4
21. Rc4 Qf8 22. Qc3 Rxf2 23. Bf3 g4 24. Kxf2 gxf3 25. gxf3 Qf4 26. Rxc8+ Bd8
27. Rxa8 Qxh2+ 28. Ke3 Qh6+ 29. Ke2 Qh2+ 30. Kd3 1-0

[Event "?"]
[Site "ICS rated blitz match, 192.23"]
[Date "1997.??.??"]
[Round "?"]
[White "Brause"]
[Black "Skydiver"]
[Result "1-0"]
[WhiteElo "2530"]
[BlackElo "2070"]
[PlyCount "69"]

1. e4 e5 2. Nf3 Nc6 3. Nc3 Nf6 4. Nxe5 Nxe5 5. d4 Ng6 6. e5 Ng8 7. Bc4 Bb4 8.
Qf3 f6 9. O-O Bxc3 10. bxc3 d6 11. Qd5 Qe7 12. exd6 cxd6 13. Ba3 Nf4 14. Qf3 g5
15. Rae1 Be6 16. Bxe6 Nxe6 17. Bxd6 Qxd6 18. Qxb7 Rd8 19. Qg7 Rd7 20. Qxh8 Kf7
21. Qxh7+ Ng7 22. Rb1 Ne7 23. Rb3 Nef5 24. Rfb1 Re7 25. Qh3 Qe6 26. Qd3 Nh5 27.
d5 Qe5 28. g3 Nh4 29. gxh4 Nf4 30. Qh7+ Ke8 31. Qg8+ Kd7 32. Rb7+ Kd6 33. Qd8+
Kc5 34. R1b5+ Kc4 35. Qc8+ 1-0

[Event "?"]
[Site "ICS rated blitz match, 192.23"]
[Date "1997.??.??"]
[Round "?"]
[White "Brause"]
[Black "fluster"]
[Result "1-0"]
[WhiteElo "2565"]
[BlackElo "2600"]
[PlyCount "84"]

1. e4 e5 2. Nf3 Nc6 3. Nc3 Nf6 4. Nxe5 Nxe5 5. d4 Ng6 6. e5 Ng8 7. Bc4 Bb4 8.
Qf3 Qe7 9. O-O Bxc3 10. bxc3 Nh6 11. g3 O-O 12. Qh5 d6 13. Bxh6 gxh6 14. f4
dxe5 15. f5 Qg5 16. Qxg5 hxg5 17. fxg6 hxg6 18. Rae1 Bh3 19. Rf6 Kg7 20. dxe5
Rae8 21. Re3 Be6 22. Bxe6 Rxe6 23. Rxe6 fxe6 24. Rd3 Rf7 25. h3 Kf8 26. c4 Ke7
27. Rb3 b6 28. Ra3 a5 29. c5 Rf5 30. cxb6 cxb6 31. Re3 Kd7 32. Kg2 Kc6 33. c4
Rf8 34. Rf3 Rd8 35. Rf6 Rd2+ 36. Kf3 Rxa2 37. Rxe6+ Kc5 38. Rxg6 Ra1 39. Rxg5
a4 40. e6+ Kd6 41. Rb5 Kxe6 42. Rxb6+ Ke5 1-0

[Event "?"]
[Site "ICS rated blitz match, 192.23"]
[Date "1997.??.??"]
[Round "?"]
[White "Brause"]
[Black "knightcrawler"]
[Result "1-0"]
[WhiteElo "2585"]
[BlackElo "2240"]
[PlyCount "85"]

1. e4 e5 2. Nf3 Nc6 3. Nc3 Nf6 4. Nxe5 Nxe5 5. d4 Bd6 6. dxe5 Bxe5 7. Bd3 O-O
8. O-O d6 9. Bd2 Re8 10. f3 d5 11. exd5 Nxd5 12. Re1 Qh4 13. Nxd5 Qxh2+ 14. Kf1
Qh1+ 15. Kf2 Qh4+ 16. Ke2 Bd4+ 17. Be3 c6 18. Rh1 Qg5 19. Bxh7+ Kf8 20. Qxd4
cxd5 21. Qc5+ Qe7 22. Be4 Qxc5 23. Rh8+ Ke7 24. Bxc5+ Kd8 25. Rxe8+ Kxe8 26.
Bxd5 Be6 27. Bxb7 Rb8 28. Bc6+ Kd8 29. Rd1+ Kc8 30. b3 a6 31. c4 a5 32. Ke3 Bf5
33. Bd5 f6 34. g4 Bd7 35. Be4 a4 36. b4 a3 37. b5 Be6 38. Bxa3 Bxc4 39. Rc1
Rxb5 40. Rxc4+ Kd8 41. Bf5 Ke8 42. Rc8+ Kf7 43. Rf8# 1-0

[Event "?"]
[Site "ICS rated blitz match, 192.23"]
[Date "1997.??.??"]
[Round "?"]
[White "Brause"]
[Black "NPeace"]
[Result "1-0"]
[WhiteElo "2590"]
[BlackElo "1965"]
[PlyCount "25"]

1. e4 e5 2. Nf3 Nc6 3. Nc3 Nf6 4. Nxe5 Nxe5 5. d4 Nc6 6. d5 Ne5 7. f4 Ng6 8. e5
Qe7 9. Qe2 Ng8 10. d6 cxd6 11. Nd5 Qd8 12. exd6+ N8e7 13. Nc7+ 1-0

[Event "?"]
[Site "ICS rated blitz match, 192.23"]
[Date "1997.??.??"]
[Round "?"]
[White "Brause"]
[Black "NPeace"]
[Result "1-0"]
[WhiteElo "2590"]
[BlackElo "2000"]
[PlyCount "31"]

1. e4 e5 2. Nf3 Nc6 3. Nc3 Nf6 4. Nxe5 Nxe5 5. d4 Ng6 6. e5 Qe7 7. f4 d6 8. Be2
dxe5 9. fxe5 Nd7 10. O-O c5 11. Bc4 cxd4 12. Bxf7+ Kd8 13. Nd5 Qc5 14. b4 Qb5
15. Qxd4 Ngxe5 16. Bg5+ 1-0

[Event "?"]
[Site "ICS rated blitz match, 192.23"]
[Date "1997.??.??"]
[Round "?"]
[White "Brause"]
[Black "Tryagain"]
[Result "1-0"]
[WhiteElo "2560"]
[BlackElo "2455"]
[PlyCount "115"]

1. e4 e5 2. Nf3 Nc6 3. Nc3 Nf6 4. Nxe5 Nxe5 5. d4 Ng6 6. e5 Ng8 7. Bc4 Bb4 8.
Qf3 Qe7 9. O-O c6 10. a3 d5 11. Nxd5 Nh4 12. Qg3 cxd5 13. Qxg7 Ng6 14. Bb5+ Bd7
15. Bxd7+ Qxd7 16. axb4 N8e7 17. c3 Nf5 18. Qf6 Qe6 19. Bg5 Qxf6 20. Bxf6 O-O
21. Ra5 Nf4 22. g3 b6 23. Rb5 Nd3 24. Rb1 Nh6 25. h3 Nf5 26. Rxd5 Rfc8 27. Kf1
Rc4 28. Ke2 Nxb4 29. cxb4 Rxd4 30. Rd1 Rxd1 31. Rxd1 Rc8 32. Rd7 a6 33. Kd3 Rb8
34. e6 fxe6 35. g4 Rf8 36. Be5 h6 37. gxf5 Rxf5 38. Bg3 Rf3+ 39. Kc2 h5 40. Rd6
h4 41. Bxh4 Rxh3 42. Bg3 a5 43. Rxe6 axb4 44. Rxb6 Rh5 45. Rxb4 Kf7 46. Rb7+
Ke6 47. Rb6+ Ke7 48. b4 Rf5 49. Kd3 Rd5+ 50. Ke4 Rd2 51. Kf5 Rd7 52. Be5 Kf8
53. Rh6 Rd3 54. Ke6 Rd6+ 55. Bxd6+ Kg7 56. Bf8+ Kxf8 57. Rg6 Ke8 58. Rg8# 1-0

[Event "?"]
[Site "ICS rated blitz match, 192.23"]
[Date "1997.??.??"]
[Round "?"]
[White "Brause"]
[Black "Bliv"]
[Result "1-0"]
[WhiteElo "2575"]
[BlackElo "1945"]
[PlyCount "65"]

1. e4 e5 2. Nf3 Nf6 3. Nc3 Nc6 4. Nxe5 Nxe5 5. d4 Ng6 6. e5 Bb4 7. exf6 Qxf6 8.
Bc4 O-O 9. O-O Bxc3 10. bxc3 c6 11. Ba3 Re8 12. Re1 Qd8 13. Bd6 b5 14. Bc7
Rxe1+ 15. Qxe1 Qf8 16. Bd3 d5 17. Qe3 Be6 18. a4 a6 19. Qg3 Qc8 20. f3 Ra7 21.
Bd6 Rd7 22. Ra2 Qd8 23. Bc5 Ne7 24. axb5 axb5 25. Qh4 Ng6 26. Qxd8+ Rxd8 27. g3
Re8 28. Ra6 Bh3 29. Rxc6 Re1+ 30. Kf2 Rh1 31. g4 h6 32. Bd6 Rd1 33. Rc5 1-0

[Event "?"]
[Site "ICS rated blitz match, 192.23"]
[Date "1997.??.??"]
[Round "?"]
[White "Brause"]
[Black "bishop1"]
[Result "1-0"]
[WhiteElo "2615"]
[BlackElo "2025"]
[PlyCount "23"]

1. e4 e5 2. Nf3 Nc6 3. Nc3 Nf6 4. Nxe5 Nxe5 5. d4 Nc6 6. d5 Ne5 7. f4 Ng6 8. e5
Ng8 9. d6 cxd6 10. exd6 Qe7+ 11. dxe7 Bxe7 12. Nd5 1-0

[Event "?"]
[Site "ICS rated blitz match, 192.23"]
[Date "1997.??.??"]
[Round "?"]
[White "Brause"]
[Black "Skydiver"]
[Result "1-0"]
[WhiteElo "2615"]
[BlackElo "2035"]
[PlyCount "57"]

1. e4 e5 2. Nf3 Nc6 3. Nc3 Nf6 4. Nxe5 Nxe5 5. d4 Nc6 6. d5 Ne5 7. f4 Ng6 8. e5
Ng8 9. d6 cxd6 10. exd6 Qa5 11. Qd4 Nf6 12. Bd3 b6 13. b4 Qh5 14. Nb5 Kd8 15.
Nxa7 Nd5 16. Nxc8 Rxc8 17. O-O Bxd6 18. c4 Bxb4 19. Qxd5 Bc5+ 20. Kh1 Qxd5 21.
cxd5 Bd4 22. Rb1 Rc3 23. Rd1 Re8 24. Bxg6 hxg6 25. Bb2 Rc2 26. Bxd4 Rxa2 27.
Bxb6+ Ke7 28. Re1+ Kf8 29. Bc5+ 1-0

[Event "?"]
[Site "ICS rated blitz match, 192.23"]
[Date "1997.??.??"]
[Round "?"]
[White "Brause"]
[Black "bishop1"]
[Result "1-0"]
[WhiteElo "2620"]
[BlackElo "1995"]
[PlyCount "21"]

1. e4 e5 2. Nf3 Nf6 3. Nc3 Nc6 4. Nxe5 Nxe5 5. d4 Nxe4 6. Nxe4 Nc6 7. d5 Nb8 8.
Qd4 Qe7 9. Be2 c6 10. O-O g6 11. Bg5 1-0

[Event "?"]
[Site "ICS rated blitz match, 192.23"]
[Date "1997.??.??"]
[Round "?"]
[White "Brause"]
[Black "Kiriakos"]
[Result "1-0"]
[WhiteElo "2610"]
[BlackElo "2135"]
[PlyCount "87"]

1. e4 e5 2. Nf3 Nc6 3. Nc3 Nf6 4. Nxe5 Nxe5 5. d4 Ng6 6. e5 Be7 7. Bc4 O-O 8.
exf6 Bxf6 9. O-O c6 10. d5 b5 11. Bd3 a6 12. Be3 Bxc3 13. bxc3 cxd5 14. Bxg6
hxg6 15. Qxd5 Rb8 16. Rad1 Bb7 17. Qxd7 Qxd7 18. Rxd7 Rfd8 19. Rfd1 Rxd7 20.
Rxd7 Be4 21. Rd2 Rc8 22. f3 Bf5 23. Bd4 Be6 24. a3 a5 25. Kf2 a4 26. Re2 Rc6
27. Re5 Bc4 28. Re8+ Kh7 29. Rd8 Re6 30. Be3 Re7 31. h4 Rb7 32. Re8 Rd7 33. Bd4
Rc7 34. Kg3 Rc6 35. Rf8 Rc7 36. Kf2 Rd7 37. g3 Re7 38. Be3 Re5 39. Rd8 Re7 40.
Rd6 Re5 41. Rd7 Re8 42. Rb7 Rc8 43. Re7 Re8 44. Rxe8 1-0

[Event "?"]
[Site "ICS rated blitz match, 192.23"]
[Date "1997.??.??"]
[Round "?"]
[White "Brause"]
[Black "Kiriakos"]
[Result "1-0"]
[WhiteElo "2620"]
[BlackElo "2115"]
[PlyCount "71"]

1. e4 e5 2. Nf3 Nc6 3. Nc3 Nf6 4. Nxe5 Nxe5 5. d4 Ng6 6. e5 Be7 7. Bc4 O-O 8.
exf6 Bxf6 9. O-O c6 10. d5 b5 11. Be2 Bb7 12. Ne4 a6 13. c4 bxc4 14. Bxc4 cxd5
15. Bxd5 Bxd5 16. Nxf6+ Qxf6 17. Qxd5 Qe6 18. Rd1 Ne5 19. Bf4 d6 20. Qxd6 Qxd6
21. Rxd6 Nc4 22. Rd4 Nxb2 23. Rd2 Nc4 24. Rd7 Rfd8 25. Rad1 Rxd7 26. Rxd7 Na3
27. f3 h6 28. Rc7 Nb5 29. Rc4 Kf8 30. a4 Na7 31. Rc7 Nc8 32. Kf2 Ke8 33. Be5 g6
34. Bg7 Ne7 35. Bxh6 Nd5 36. Rb7 1-0

[Event "?"]
[Site "ICS rated blitz match, 192.23"]
[Date "1997.??.??"]
[Round "?"]
[White "Brause"]
[Black "Kiriakos"]
[Result "1-0"]
[WhiteElo "2605"]
[BlackElo "2125"]
[PlyCount "47"]

1. e4 e5 2. Nf3 Nc6 3. Nc3 Nf6 4. Nxe5 Nxe5 5. d4 Ng6 6. e5 Be7 7. Bc4 O-O 8.
exf6 Bxf6 9. O-O c6 10. d5 b5 11. Be2 Re8 12. dxc6 dxc6 13. Qxd8 Rxd8 14. a4 b4
15. Ne4 Bd4 16. c3 bxc3 17. bxc3 Be5 18. Bg5 f6 19. Be3 Bf5 20. Ng3 Be6 21. Bf3
Bxc3 22. Rac1 Bd4 23. Rxc6 Bxe3 24. Rxe6 1-0

[Event "?"]
[Site "ICS rated blitz match, 192.23"]
[Date "1997.??.??"]
[Round "?"]
[White "Brause"]
[Black "Kiriakos"]
[Result "1-0"]
[WhiteElo "2610"]
[BlackElo "2125"]
[PlyCount "94"]

1. e4 e5 2. Nf3 Nc6 3. Nc3 Nf6 4. Nxe5 Nxe5 5. d4 Ng6 6. e5 Be7 7. Bc4 O-O 8.
exf6 Bxf6 9. O-O c6 10. d5 d6 11. Bd2 b5 12. Bd3 b4 13. Ne2 c5 14. c3 a5 15.
Qc2 Ba6 16. Rae1 Bxd3 17. Qxd3 Re8 18. Be3 bxc3 19. Nxc3 Rb8 20. Re2 Bg5 21. f4
Bf6 22. Rfe1 Qd7 23. g3 h6 24. Qc2 Bxc3 25. Qxc3 Ne7 26. Bf2 Nf5 27. Rxe8+ Rxe8
28. Rxe8+ Qxe8 29. Qxa5 Qe4 30. Qa8+ Kh7 31. Qb7 Ne3 32. Bxe3 Qxe3+ 33. Kf1
Qf3+ 34. Kg1 Qe3+ 35. Kf1 Qf3+ 36. Ke1 Qe3+ 37. Kd1 Qd3+ 38. Kc1 Qc4+ 39. Kd2
Qd4+ 40. Ke2 Qe4+ 41. Kf2 Qd4+ 42. Kg2 Qe4+ 43. Kh3 Qf5+ 44. g4 Qd3+ 45. Kh4
g5+ 46. fxg5 hxg5+ 47. Kxg5 Qe3+ 1-0

[Event "?"]
[Site "ICS rated blitz match, 192.23"]
[Date "1997.??.??"]
[Round "?"]
[White "Brause"]
[Black "Kiriakos"]
[Result "1-0"]
[WhiteElo "2615"]
[BlackElo "2120"]
[PlyCount "47"]

1. e4 e5 2. Nf3 Nc6 3. Nc3 Nf6 4. Nxe5 Nxe5 5. d4 Ng6 6. e5 Be7 7. Bc4 O-O 8.
exf6 Bxf6 9. O-O c6 10. d5 d6 11. Bd2 Bf5 12. dxc6 bxc6 13. Qf3 Qd7 14. Bb3 d5
15. Rae1 Rfe8 16. h3 Be5 17. Re2 Bc7 18. Rfe1 Rxe2 19. Nxe2 Be4 20. Qg4 Qxg4
21. hxg4 a5 22. Nc3 a4 23. Bxa4 Ne5 24. Bf4 1-0

[Event "?"]
[Site "ICS rated blitz match, 192.23"]
[Date "1997.??.??"]
[Round "?"]
[White "Brause"]
[Black "Kiriakos"]
[Result "1-0"]
[WhiteElo "2620"]
[BlackElo "2115"]
[PlyCount "27"]

1. e4 e5 2. Nf3 Nc6 3. Nc3 Nf6 4. Nxe5 Nxe5 5. d4 Ng6 6. e5 Be7 7. Bc4 O-O 8.
exf6 Bxf6 9. O-O c5 10. Be3 d6 11. dxc5 dxc5 12. Bxc5 Bxc3 13. bxc3 Re8 14. Bb5
1-0